| 000 | 00327nam a2200133 a 4500 | ||
|---|---|---|---|
| 005 | 20210219154439.0 | ||
| 008 | 030609s2000 mx r 000 0 spa d | ||
| 035 | _aUPN01000125163 | ||
| 049 | _aSEP | ||
| 050 | 4 |
_aAC70 _bB5 no.66 |
|
| 100 | 0 |
_aErasmo, _cde Rotterdam, _dm. 1536 |
|
| 245 | 1 | 0 | _aElogio de la locura / |
| 905 | _aLibro | ||
| 999 |
_c97342 _d97342 |
||